Drapeaux contenant du jaune - Statistiques

Statistiques générales
  • Ce quiz a été pris 54 fois
  • Le résultat moyen est 61 sur 101
Statistiques - réponses
Réponse % Correct
Belgique 🇧🇪
91%
Espagne 🇪🇸
91%
Brésil 🇧🇷
89%
Roumanie 🇷🇴
89%
Allemagne 🇩🇪
86%
Suède 🇸🇪
86%
Vatican 🇻🇦
86%
Colombie 🇨🇴
82%
Afrique du Sud 🇿🇦
80%
Venezuela 🇻🇪
80%
Argentine 🇦🇷
77%
Mali 🇲🇱
77%
Sénégal 🇸🇳
77%
Andorre 🇦🇩
75%
Chine 🇨🇳
75%
Lituanie 🇱🇹
75%
Portugal 🇵🇹
75%
Tchad 🇹🇩
75%
Uruguay 🇺🇾
75%
Bolivie 🇧🇴
73%
Équateur 🇪🇨
73%
Guinée 🇬🇳
73%
Ukraine 🇺🇦
73%
Cameroun 🇨🇲
70%
Angola 🇦🇴
68%
Éthiopie 🇪🇹
68%
Guyana 🇬🇾
68%
Jamaïque 🇯🇲
68%
Togo 🇹🇬
68%
Viêt Nam 🇻🇳
68%
Barbade 🇧🇧
66%
Ghana 🇬🇭
66%
Guinée-Bissau 🇬🇼
66%
Rwanda 🇷🇼
66%
Seychelles 🇸🇨
66%
Zimbabwe 🇿🇼
66%
Mexique 🇲🇽
64%
Moldavie 🇲🇩
64%
République du Congo 🇨🇬
64%
Slovénie 🇸🇮
64%
Antigua-et-Barbuda 🇦🇬
61%
Bahamas 🇧🇸
61%
Bosnie-Herzégovine 🇧🇦
61%
Mongolie 🇲🇳
61%
Paraguay 🇵🇾
61%
Saint-Marin 🇸🇲
61%
Bénin 🇧🇯
59%
Gabon 🇬🇦
59%
Guinée équatoriale 🇬🇶
59%
Macédoine du Nord 🇲🇰
59%
Tanzanie 🇹🇿
59%
Fidji 🇫🇯
57%
Malaisie 🇲🇾
57%
Mauritanie 🇲🇷
57%
Mozambique 🇲🇿
57%
Namibie 🇳🇦
57%
Sainte-Lucie 🇱🇨
57%
Soudan du Sud 🇸🇸
57%
Sri Lanka 🇱🇰
57%
Arménie 🇦🇲
55%
Dominique 🇩🇲
55%
Érythrée 🇪🇷
55%
Maurice 🇲🇺
55%
Palaos 🇵🇼
55%
Saint-Vincent-et-les-Grenadines 🇻🇨
55%
Serbie 🇷🇸
55%
Suriname 🇸🇷
55%
Tadjikistan 🇹🇯
55%
Bhoutan 🇧🇹
52%
Cap-Vert 🇨🇻
52%
Comores 🇰🇲
52%
Eswatini 🇸🇿
52%
Haïti 🇭🇹
52%
Kirghizistan 🇰🇬
52%
Monténégro 🇲🇪
52%
Tuvalu 🇹🇻
52%
Grenade 🇬🇩
50%
Liechtenstein 🇱🇮
50%
Nauru 🇳🇷
50%
Ouganda 🇺🇬
50%
Turkménistan 🇹🇲
50%
Birmanie 🇲🇲
48%
Brunei 🇧🇳
48%
Croatie 🇭🇷
48%
Papouasie-Nouvelle-Guinée 🇵🇬
48%
Vanuatu 🇻🇺
48%
Belize 🇧🇿
45%
Burkina Faso 🇧🇫
45%
Guatemala 🇬🇹
45%
Kiribati 🇰🇮
45%
Nicaragua 🇳🇮
45%
Philippines 🇵🇭
45%
Saint-Christophe-et-Niévès 🇰🇳
45%
Salvador 🇸🇻
43%
Kazakhstan 🇰🇿
41%
République dominicaine 🇩🇴
41%
Salomon 🇸🇧
41%
Sao Tomé-et-Principe 🇸🇹
41%
Timor oriental 🇹🇱
36%
République centrafricaine 🇨🇫
23%
République démocratique du Congo 🇨🇩
23%
Aucun quiz correspondant
Distribution des résultats
% des personnes avec chaque résultat
Percentile par nombre de réponses
Votre historique - résultats
Vous n’avez pas pris ce quiz